| 000 | 03558nam a22002897a 4500 | ||
|---|---|---|---|
| 001 | 8213 | ||
| 003 | FISKH | ||
| 005 | 20250903090956.0 | ||
| 008 | 250903b cb ||||| |||| 00| 0 eng d | ||
| 020 | _a9789996362231 | ||
| 040 |
_aFISKH _beng _cFISKH _dFISKH |
||
| 050 | _aPZ7 | ||
| 082 | _a495.911 | ||
| 100 | _aSamphors, Try | ||
| 245 |
_aមេធ្មប់ និងស្រីស្អាត : _bThe witch and the beauty / _cនិពន្ធនិងរូបភាពដោយ ទ្រី សម្ផស្ស |
||
| 260 |
_aPhnom Penh : _bComics Art, _c2016. |
||
| 300 |
_a35 pages : _bcolor illustations ; _c22 x 23 cm |
||
| 505 | _aK | ||
| 520 | _aស្រីស្អាត (Beauty) ជាកូនស្រីមានចិត្តល្អ សុភាពរាបសា រស់នៅជាមួយឪពុក និងបងស្រី។ ម្តងមួយឪពុកនាងធ្វើដំណើរទៅឆ្ងាយ ហើយបានបាត់ចូលទៅក្នុងវីឡារបស់ មេធ្មប់ (Beast)។ ពេលឪពុកយកផ្កាកុលាបមកឲ្យកូន សត្វមេធ្មប់ក្រហមចេញ ហើយបង្ខំឱ្យឪពុកឬកូនម្នាក់មកស្នាក់នៅជាមួយវា ដើម្បីបង់ឱ្យខូច។ ស្រីស្អាតស្ម័គ្រចិត្តទៅស្នាក់នៅជាមួយវា។ នៅក្នុងវីឡា មេធ្មប់មានរូបរាងគួរឱ្យខ្លាច ប៉ុន្តែចិត្តល្អ ហើយថែរក្សា ស្រីស្អាតយ៉ាងអំណត់។ កាលណានាងស្នាក់នៅយូរៗ នាងបានឃើញថា ខាងក្នុងមេធ្មប់មានចិត្តល្អ មិនមែនដូចរូបរាងខាងក្រៅឡើយ។ ចុងក្រោយ ស្រីស្អាតទទួលស្គាល់ថា នាងស្រឡាញ់មេធ្មប់។ តែពេលនាងបង្ហាញចិត្តស្រឡាញ់ មេធ្មប់ត្រូវបានបំប្លែងវិញ ទៅជាព្រះអង្គកូនចៅស្ដេច ដែលត្រូវសាបផ្តាសាឲ្យមានរូបរាងជាសត្វ។ ពួកគេរស់នៅជាមួយគ្នាយ៉ាងសុខសាន្ត។ | ||
| 520 | _aBeauty is a kind and gentle young woman who lives with her father and sisters. One day, her father gets lost while traveling and enters the castle of a Beast. When he picks a rose for Beauty, the Beast appears and demands that either the father or one of his daughters must stay in the castle as punishment. Beauty volunteers to go. At first, the Beast looks frightening, but he treats Beauty with kindness and care. Over time, she realizes that the Beast has a good and gentle heart despite his appearance. In the end, Beauty admits that she loves the Beast. The moment she declares her love, the Beast is transformed back into a handsome prince, who had been cursed to live as a beast. Beauty and the Prince live happily together. | ||
| 521 | 8 |
_a510
_bLexile estimate |
|
| 521 | 8 |
_aK
_bRaz-Plus |
|
| 650 | _aរឿងនិទានកុមារ | ||
| 650 | _aChildren story | ||
| 942 |
_2ddc _cBK _n0 |
||
| 999 |
_c8213 _d8213 |
||